Sports Quiz

Random Sports or City Quiz

Best Sports City (93-09) Quiz Stats

 Plays Quiz not verified by Sporcle

Challenge
Share
Tweet
Embed
Score 0/16 Timer 05:00
0 Plays Today
Year City % Correct
2008Boston
83.7%
2009Pittsburgh
78.2%
2004Boston
55.5%
2005Boston
50.3%
1999New York
47.4%
2001New York
47.1%
2006Chicago
41.3%
2003Los Angeles
41.3%
Year City % Correct
2007Detroit
39%
2002Boston
37.5%
1993Chicago
34.3%
2000St. Louis
23.5%
1998Detroit
23.5%
1997Denver
22.7%
1996Denver
17.2%
1994Cleveland
14.2%

You're not logged in!

Compare scores with friends on all Sporcle quizzes.
Join for Free
OR
Log In

You Might Also Like...

Show Comments

Extras

Created Nov 18, 2009SourceReportNominate
Tags:City Quiz

Top Quizzes Today


Score Distribution

Your Account Isn't Verified!

In order to create a playlist on Sporcle, you need to verify the email address you used during registration. Go to your Sporcle Settings to finish the process.

Report this User

Report this user for behavior that violates our Community Guidelines.

Details: